Delitos contra el patrimonio económico (Registro nro. 183337)

Detalles MARC
000 -ENCABEZADO
Número de control [NR] 00941 a2200253 4500
005 - FECHA Y HORA DE LA ÚLTIMA TRANSACCIÓN
control field 20150317083410.0
008 - DE LONGITUD FIJA DE DATOS DE ELEMENTOS - INFORMACIÓN GENERAL
Elementos de longitud fija [NR] 140127s2013 ck fr 000 0dspa
020 ## - NUMERO INTERNACIONAL NORMALIZADO PARA LIBROS [R]
Número Internacional Normalizado del libro [NR] 9789587109047
040 ## - FUENTE DE CATALOGACION [NR]
Agencia de catalogación original [NR] CO-BoUCM
Idioma de catalogación [NR] spa
Quien Cataloga Jose A. Gerena
Quien Clasifica [Nuevo]
041 00 - CODIGO DE IDIOMA [R]
Código de idioma para texto/pista de sonido o título separado [R] Español
100 1# - ASIENTO PRINCIPAL--NOMBRE PERSONAL [NR]
Nombre personal [NR] Suárez Sánchez, Alberto
ID Autoridad 54430
245 10 - MENCION DE TITULO [NR]
Título [NR] Delitos contra el patrimonio económico
Mención de responsabilidad, etc. [NR] Alberto Suárez Sánchez
250 ## - MENCION DE EDICION [NR]
Mención de edición [NR] 2a ed
260 ## - PUBLICACION, DISTRIBUCION, ETC. (PIE DE IMPRENTA) [R]
Fecha de publicación, distribución, etc. [R] 2013
Nombre del editor, distribuidor, etc. [R] Universidad Externado de Colombia
Lugar de publicación, distribución, etc. [R] Bogotá (Colombia)
300 ## - DESCRIPCION FISICA [R]
Extensión [R] 644 páginas
504 ## - NOTA DE BIBLIOGRAFIA, ETC. [R]
Nota de bibliografía, etc. [NR] Incluye referencias bibliográficas
650 #4 - ASIENTO SECUNDARIO DE MATERIA - TERMINO TEMATICO [R]
9 (RLIN) 12569
Término temático o nombre geográfico como elemento de entrada [NR] Delitos contra el patrimonio económico
Subdivisión geográfica [R] Colombia
650 #4 - ASIENTO SECUNDARIO DE MATERIA - TERMINO TEMATICO [R]
9 (RLIN) 12581
Término temático o nombre geográfico como elemento de entrada [NR] Delitos contra la propiedad
Subdivisión geográfica [R] Colombia
650 #7 - ASIENTO SECUNDARIO DE MATERIA - TERMINO TEMATICO [R]
9 (RLIN) 31080
Término temático o nombre geográfico como elemento de entrada [NR] Derecho penal
Subdivisión geográfica [R] Colombia
650 #7 - ASIENTO SECUNDARIO DE MATERIA - TERMINO TEMATICO [R]
9 (RLIN) 9267
Término temático o nombre geográfico como elemento de entrada [NR] Apropiación ilícita de bienes (Derecho)
Subdivisión geográfica [R] Colombia
690 ## - ASUNTO AGREGADO LOCAL DE ENTRADA - TÉRMINO TEMÁTICO (OCLC, RLIN)
9 (RLIN) 42778
Acceso temático local Derecho penal
942 ## - ELEMENTOS DE ENTRADA AGREGADOS (KOHA)
Tipo de ítem principal el descrito en 300a Libro
Tema principal Derecho
Edición 2
Parte restante de la signatura top. S939
Sistema de clasificación DEWEY
Clasificación 364.16
Existencias
Fecha de último préstamo Total préstamos Total Renewals Signatura topográfica Código de barras Última vez visto Volúmen / Fascículo Ejemplar Costo de reposición Price effective from Tipo de ítem Perdido Sistema de clasificación Dañado No prestable Tipo de ítem específico Suprimido Ubicación habitual Ubicación actual Localización Fecha de creación Proveedor Forma de adquisición Costo
11/11/2023 33 21 364.16 S939 100139683 04/12/2025 2a.Ed. Ej.1 72750.00 06/12/2013 Libro   DEWEY     Libro   Claustro Claustro 3er piso 06/12/2013 35 Compra 72750.00
      364.16 S939 100169226 04/12/2025 2a.Ed. Ej.2 26000.00 14/02/2022 Libro   DEWEY     Libro   Claustro Claustro 3er piso 14/02/2022   Donación 0.00